| 000 | 00419nam a2200121Ia 4500 | ||
|---|---|---|---|
| 008 | 180705s9999 xx 000 0 und d | ||
| 100 | _aDepartment of budget and management | ||
| 245 |
_cDepartment of budget and management _a2018 people's budget / |
||
| 260 |
_aManila: _bDepartment of budget and management _c2018 |
||
| 300 | _a44 pages | ||
| 650 | _aBudget--Philippines. | ||
| 650 | _aGovernment purchasing--Philippines. | ||
| 999 |
_c358161 _d358161 |
||